000
00286nam a22001217a 4500
008
170921b xxu||||| |||| 00| 0 eng d
041
_a
eng
080
_a
78
100
_a
45
101
_a
MUZ
245
_a
ENCYCLOPEDIA OF THE GREATCOMPOSERS AND THEIR MUSIC
_c
CROSS,M
942
_2
udc
_c
BK
999
_c
28852
_d
28852